The Firebird ; Le Chant du Rossignol

Αποθηκεύτηκε σε:
Λεπτομέρειες βιβλιογραφικής εγγραφής
Κύριος συγγραφέας: Stravinsky, Igor 1882-1971
Συγγραφή απο Οργανισμό/Αρχή: The Danish National Radio Symphony Orchestra (Ερμηνευτής)
Άλλοι συγγραφείς: Kitajenko, Dmitri (Διευθυντής ορχήστρας)
Μορφή: CD Ηχητικό
Γλώσσα:English
Δημοσίευση: England : Chandos Records, p1991
Θέματα:
Ετικέτες: Προσθήκη ετικέτας
Δεν υπάρχουν, Καταχωρήστε ετικέτα πρώτοι!

MARC

LEADER 00000njm a2200000 i 4500
001 1/68258
007 sd fs gn m ed
008 990128s1991 uk engod
028 0 3 |a CHAN 8967 
035 |l 10047618 
040 |a GR-MY-UA  |b fre  |e aacr 
041 0 |a eng 
082 0 |a 782.43 
100 1 |a Stravinsky, Igor  |d 1882-1971. 
245 1 4 |a The Firebird ; Le Chant du Rossignol  |h [sound recording] /  |c Stravinsky 
246 3 3 |a L'Oiseau de Feu 
246 3 3 |a The song of the nightgale 
260 |a England :   |b Chandos Records,   |c p1991 
300 |a 1 sound disc (76 min., 41 sec.) : digital, stereo. ; 4 3/4 in. 
500 |a Includes "The Firebird, complete ballet -- Le Chant du Rossignol, symphonic poem" 
511 |a The Danish National Radio Symphony Orchestra ; Dmitri Kitajenko, conductor 
650 0 0 |a Ballets. 
650 0 0 |a Symphonic poems. 
650 0 0 |a Orchestral music. 
700 1 |a Kitajenko, Dmitri.  |4 cnd 
710 1 |a The Danish National Radio Symphony Orchestra.  |4 prf 
852 |a INST  |b SAMOS  |c AV  |e 19990128  |h 782.43 STR  |p 005300010405  |q 005300010405  |t CD  |y 23 
901 |a BIBL-1999-1 
909 |a Σ  |b 039470 
922 |a 3ΕΛΗ  |b 199901  |c ΤΜΗΜΑ ΜΑΘΗΜΑΤΙΚΩΝ  |d ΛΕΣΧΗ ΔΙΣΚΟΥ